000 00561nam a2200181 a 4500
001 000047022
005 20201002053307.0
008 180411s2004 dr a 000 0 spa d
020 _a9945120085
040 _aDO-SdBNP
_bspa
_cBNPHU
082 _axxxx
_bG216m
100 1 _aGarcía V., María Luz
_974884
245 1 0 _aMaría y Manuel :
_blibro de lectura inicial /
_cMaría Luz García V.
246 1 0 _aAprendo a leer con María y Manuel
260 _aSanto Domingo :
_bSusaeta,
_c[s.f.].
300 _a72 p. :
_bil. ;
_c27 cm.
590 _aInventariado, 2018/LP
999 _c46510
_d46510